Microeconomía

Saved in:
Bibliografiske detaljer
Hovedforfatter: Miller, Roger LeRoy (autor)
Andre forfattere: Meiners, Roger E (autor)
Format: Bog
Sprog:engelsk
spansk
Udgivet: Cuernavaca, México McGraw-Hill/Interamericana de México S.A. 1990
Udgivelse:Tercera edición (Segunda en español)
Fag:
Tags: Tilføj Tag
Ingen Tags, Vær først til at tagge denne postø!

MARC

LEADER 00000nam a22000007a 4500
003 CL-VaPUC
005 20220113113812.0
008 210629b ||||| |||| 00| 0 eng d
999 |c 433266  |d 433264 
020 |a 9684220464 
040 |c Pontificia Universidad Católica de Valparaíso 
041 0 |a spa 
082 0 4 |2 21  |a 338.5 MIL 1990 
100 |a Miller, Roger LeRoy  |e autor  |9 861948 
245 1 |a Microeconomía 
250 |a Tercera edición (Segunda en español) 
260 3 |a Cuernavaca, México  |b McGraw-Hill/Interamericana de México S.A.  |c 1990 
300 |a 703 páginas 
500 |a Donación familia profesor Sergio Soto Silva. Escuela de Mecánica. 
583 |c 20210629  |k Daniel Castañeda 
650 0 0 |a Microeconomía  |v Oferta y demanda  |x Precios  |9 861949 
650 0 0 |a Microeconomía  |v Investigación de mercados  |x Consumidores  |9 861950 
700 1 |a Meiners, Roger E  |e autor  |9 861951 
942 |2 ddc  |c BK 
952 |0 0  |1 0  |2 ddc  |4 0  |6 338_500000000000000_MIL_1990  |7 0  |9 578330  |a BIBMEC  |b BIBMEC  |d 2021-06-29  |i 5622492  |o 338.5 MIL 1990  |p 5622492  |r 2024-01-19  |t 1  |w 2021-06-29  |y BK  |k MEC